| 000 | 00748nam a2200217 i 4500 | ||
|---|---|---|---|
| 001 | 80096 | ||
| 003 | ES-MaACL | ||
| 007 | t| | ||
| 008 | 041026s1944 sp ||||1| spa d | ||
| 100 | 1 |
_aHeyn, E. _963532 |
|
| 245 | 1 | 0 |
_aMetalografía _b: iniciación al conocimiento de los metales y sus aleaciones / _cpor E. Heyn y O. Bauer ; traducción del alemán por Julio Martínez Borso. |
| 250 | _a2ª ed. | ||
| 260 |
_aBarcelona : _bLabor, _c1944 ( _fImp. Elzeviriana) |
||
| 300 |
_a266 p. ; _c20 cm. |
||
| 490 | 1 |
_aManuales técnicos Labor ; _v45 |
|
| 700 | 1 |
_aBauer, O. _926558 |
|
| 700 | 1 |
_aMartínez Borso, Julio. _977896 |
|
| 830 | 0 |
_aManuales técnicos Labor ; _v45 _9184031 |
|
| 852 |
_aES-MaACL _jL-5741 _bR.106305 |
||
| 999 |
_c80096 _d80096 |
||